Loading...
| Fine Arts - Classical Music | 0 | 5 | 4 | 0 | 30 | 54 | 75.20 | 1 | 3 | 0.00 | 0.00 |
| Science - Chemistry | 0 | 4 | 2 | 2 | 30 | 51 | 82.50 | 0 | 1 | 0.00 | 0.00 |
| Pop Culture | 0 | 3 | 0 | 1 | 30 | 34 | 77.00 | 0 | 1 | 0.00 | 0.00 |
| Social Science | 0 | 3 | 1 | 2 | 25 | 95 | 99.67 | 0 | 0 | 0.00 | 0.00 |
| Fine Arts - Other | 0 | 3 | 1 | 1 | 25 | 79 | 91.00 | 0 | 1 | 0.00 | 0.00 |
| Science - Biology | 0 | 3 | 1 | 1 | 25 | 70 | 82.67 | 0 | 1 | 0.00 | 0.00 |
| Literature - British | 0 | 2 | 1 | 0 | 15 | 41 | 61.50 | 0 | 1 | 0.00 | 0.00 |
| Science - Physics | 0 | 2 | 1 | 1 | 15 | 72 | 86.00 | 0 | 0 | 0.00 | 0.00 |
| Geography | 0 | 1 | 0 | 0 | 10 | 78 | 78.00 | 0 | 0 | 0.00 | 0.00 |
| History - World | 0 | 1 | 0 | 0 | 10 | 39 | 39.00 | 0 | 1 | 0.00 | 0.00 |
| Mythology | 0 | 1 | 0 | 0 | 10 | 76 | 76.00 | 0 | 0 | 0.00 | 0.00 |
| Painting/Sculpture | 0 | 1 | 0 | 0 | 10 | 106 | 106.00 | 0 | 1 | 0.00 | 0.00 |
| History - Other | 0 | 1 | 0 | 1 | 10 | 105 | 105.00 | 0 | 0 | 0.00 | 0.00 |
| Science - Other | 0 | 1 | 0 | 0 | 10 | 60 | 60.00 | 0 | 1 | 0.00 | 0.00 |
| History - European | 0 | 1 | 0 | 0 | 10 | 61 | 61.00 | 0 | 1 | 0.00 | 0.00 |
| Religion | 0 | 1 | 2 | 0 | 0 | 55 | 55.00 | 1 | 1 | 0.00 | 0.00 |
| Literature - World | 0 | 0 | 1 | 0 | -5 | 0.00 | 0 | 0 | 0.00 | 0.00 | |
| Literature - American | 0 | 0 | 1 | 0 | -5 | 0.00 | 0 | 0 | 0.00 | 0.00 | |
| Current Events | 0 | 0 | 2 | 0 | -10 | 0.00 | 0 | 0 | 0.00 | 0.00 |